Champions de France de rugby 2ème division (Pro D2, Group B etc.) - Statistiques

Statistiques générales
  • Ce quiz a été pris 44 fois
  • Le résultat moyen est 51 sur 107
Statistiques - réponses
Année Nom de la division Champion Finaliste % Correct
2011 Pro D2 Lyon OU (1)
94%
2014 Pro D2 Lyon OU (2)
94%
2016 Pro D2 Lyon OU (3)
94%
2019 Pro D2 Aviron bayonnais (2) CA Brive
91%
2022 Pro D2 Aviron bayonnais (3) Stade montois
91%
2018 Pro D2 USA Perpignan (1) FC Grenoble
91%
2021 Pro D2 USA Perpignan (2) Biarritz Olympique
91%
1909 2ème série US Montauban (1) RC Toulon
91%
2001 Pro D2 US Montauban (2) RC Toulon
91%
2006 Pro D2 US Montauban (3)
91%
2025 Pro D2 US Montauban (4) FC Grenoble
91%
1910 2ème série Aviron Bayonnais (1) Evreux AC
89%
2024 Pro D2 RC Vannes FC Grenoble
89%
1951 Excellence A FC Grenoble (1) La Voulte sportif
86%
2012 Pro D2 FC Grenoble (2)
86%
2005 Pro D2 RC Toulon (1)
83%
2008 Pro D2 RC Toulon (2)
83%
2010 Pro D2 SU Agen
83%
1920 2ème série AS Bayonne Stade Français
80%
1957 Fédérale CA Brive US Bellegarde Coupy
80%
1999 Elite 2 Stade montois (1) US Montauban
80%
2002 Pro D2 Stade montois (2)
80%
2013 Pro D2 US Oyonnax (1)
80%
2017 Pro D2 US Oyonnax (2)
80%
2023 Pro D2 US Oyonnax (3) FC Grenoble
80%
1911 2ème série AS Perpignan US Dole
77%
1998 Groupe A2 Racing CF (1) FC Villefranche-de-Lauragais
77%
1926 Honneur Racing CF (1) SC Mazamet
77%
2009 Pro D2 Racing Métro 92 (2)
77%
2015 Pro D2 Section paloise
77%
1913 2ème série SO Perpignan AS Française
77%
1925 Honneur AS Montferrand Biarritz Olympique
74%
1959 Fédérale Stade bordelais UC Lyon OU
74%
2000 Elite 2 AS Béziers
71%
1934 Honneur RRC Nice US Cognac
71%
1996 Groupe B Stade français CASG Stade aurillacois
71%
1989 Groupe B Castres Olympique Section paloise
69%
2003 Pro D2 Montpellier RC Tarbes Pyrénées Rugby
69%
1948 Excellence Stadoceste tarbais RC Narbonne
69%
1947 Honneur FC Auch (1) SO Chambéry
63%
2004 Pro D2 FC Auch (2) Aviron bayonnais
63%
2007 Pro D2 FC Auch (3)
63%
1912 2ème série Toulouse Olympique Cercle Amical Rugby
63%
1975 Fédérale US Carcassonne US Cognac
57%
1936 Honneur FC Lyon CS Villefranche-sur-Saône
54%
1924 2ème série SC Mazamet SC Graulhet
51%
1952 Excellence Stade Auto Lyonnais Stade cadurcien
51%
1965 Fédérale CS Bourgoin-Jallieu (1) Stade beaumontois
49%
1971 Fédérale CS Bourgoin-Jallieu (2) SC Pamiers
49%
1973 Fédérale CS Bourgoin-Jallieu (3) CO Le Creusot
49%
1984 Groupe B CS Bourgoin-Jallieu (4) CO Le Creusot
49%
1986 Groupe B SC Angoulême SO Voiron
46%
1914 2ème série Saint-Girons SC CASG Paris
40%
1949 Excellence SC Graulhet (1) FC Oloron
40%
1991 Groupe B SC Graulhet (2) FCS Rumilly
40%
1954 Excellence SO Chambéry (1) US Bellegarde Coupy
40%
1956 Fédérale SO Chambéry (2) Saint-Girons SC
40%
1980 Groupe B SO Chambéry (3) SC Angoulême
40%
1939 Honneur US Bressane (1) FC Lourdes
40%
1958 Fédérale US Bressane (2) Boucau Stade
40%
1966 Fédérale US Bressane (3) Stade montluçonnais
40%
1938 Honneur Avenir valencien SC Tulle
37%
1932 Honneur CS Villefranche-sur-Saône RC Chalon
37%
1955 Fédérale Stade cadurcien Stade hendayais
37%
1970 Fédérale Stade ruthénois (1) Boucau Stade
37%
1976 Fédérale Stade ruthénois (2) US Riom
37%
1906 2ème série CA Périgueux (1) AS Lyonnaise
34%
1993 Groupe B CA Périgueux (2) Stade dijonnais
34%
1988 Groupe B FCS Rumilly RC Nîmes
34%
1927 Honneur CS Vienne (1) Arlequins Perpignan
31%
1928 Honneur CS Vienne (2) AS Bayonne
31%
1921 2ème série Stade hendayais Lancey sports
29%
1972 Fédérale US Carmaux RRC Nice
29%
1978 Fédérale SA Condom US Seynoise
26%
1933 Honneur Stade nantais Stade lézignanais
26%
1964 Fédérale US Quillan Espéraza SA Condom
26%
1969 Fédérale Paris UC SA Mauléon
23%
1935 Honneur Stade poitevin Valence sportif
23%
1908 2ème série US Bergerac (1) AVS Auxerre
20%
1960 Fédérale US Bergerac (2) US Marmande
20%
1977 Fédérale US Vic-en-Bigorre SC Pamiers
20%
1983 Groupe B SA Hagetmau Paris UC
17%
1968 Fédérale Saint-Jean-de-Luz Olympique (1) UA Gaillac
17%
1987 Groupe B Saint-Jean-de-Luz Olympique (2) US Bergerac
17%
1990 Groupe B Stade montchaninois Section paloise
17%
1985 Groupe B US Marmande SA Hagetmau
17%
1981 Groupe B US Tyrosse US Montauban
17%
1997 Groupe B Balma ORC RC Orléans
14%
1929 Honneur NAC Roanne Olympique de Carmaux
14%
1953 Excellence Avenir aturin (1) FC Aix-les-Bains
11%
1982 Groupe B Avenir aturin (2) CS Bourgoin-Jallieu
11%
1950 Excellence A CASG Paris SC Pamiers
11%
1907 2ème série Cercle Amical Rugby RC Chalon
11%
1962 Fédérale GS Figeac Valence sportif
11%
1937 Honneur SC Decazeville US Cognac
11%
1963 Fédérale Stade langonnais AS Saint-Junien
11%
1967 Fédérale CA Castelsarrasin (1) US Oyonnax
9%
1974 Fédérale CA Castelsarrasin (2) US Salles
9%
1992 Groupe B RC Châteaurenard (1) US Oyonnax
9%
1994 Groupe B RC Châteaurenard (2) Saint-Paul Sports
9%
1931 Honneur UA Libourne UA Gujan-Mestras
9%
1995 Groupe B AS Soustons (2) SC Pamiers
6%
1923 2ème série Avenir moissagais Gallia club toulousain
6%
1979 Fédérale US Montélimar Stade foyen
6%
1922 2ème série US Soustons (1) SO Avignon
6%
1930 Honneur AS Bort-les-Orgues FC Saint-Claude
3%
1961 Fédérale AS Saint-Junien CA Lannemezan
3%
Aucun quiz correspondant
Distribution des résultats
% des personnes avec chaque résultat
Percentile par nombre de réponses
Votre historique - résultats
Vous n’avez pas pris ce quiz